Digital audio technology (Record no. 63549)

MARC details
000 -LEADER
fixed length control field 00862nam a2200205 a 4500
008 - FIXED-LENGTH DATA ELEMENTS--GENERAL INFORMATION
fixed length control field 120416s2001 ||||||||||||||||| || u
020 ## - INTERNATIONAL STANDARD BOOK NUMBER
International Standard Book Number 0240516540
050 ## - LIBRARY OF CONGRESS CALL NUMBER
Classification number TK 7881.4 Dig
100 ## - MAIN ENTRY--PERSONAL NAME
Personal name Vercammen, Marc
245 10 - TITLE STATEMENT
Title Digital audio technology
Statement of responsibility, etc. edited by Jan Maes
246 ## -
-- a guide to CD, minidisc, SACD, DVD(A), MP3 and DAT
250 ## - EDITION STATEMENT
Edition statement 4th ed.
260 ## - PUBLICATION, DISTRIBUTION, ETC.
Place of publication, distribution, etc. Oxford
Name of publisher, distributor, etc. Focal Press
Date of publication, distribution, etc. 2001
300 ## - PHYSICAL DESCRIPTION
Extent xv, 342p. : ill.
350 ## -
-- 0.00
650 #7 - SUBJECT ADDED ENTRY--TOPICAL TERM
Topical term or geographic name entry element TECHNOLOGY
Source of heading or term fast
650 ## - SUBJECT ADDED ENTRY--TOPICAL TERM
Topical term or geographic name entry element DIGITAL--AUDIO--TECHNOLOGY
995 ## -
-- ANNEX COLLECTION (Main Library)
-- 0.00
-- 734916
-- CBU-MAIN LIBRARY (Kitwe)
-- 1
-- 20.00
-- TK 7881.4 Dig
-- 1
-- AVAILABLE
-- 38387
-- Annex Low-Usage Collection
995 ## -
-- MAIN LIBRARY OPEN ACCESS
-- 0.00
-- 734917
-- CBU-MAIN LIBRARY (Kitwe)
-- 2
-- 20.00
-- TK 7881.4 Dig
-- 1
-- AVAILABLE
-- Apr 25, 2007
-- 38386
-- Main Library Open Access Collection
999 ## -
-- 63549
-- 63549
Holdings
Withdrawn status Lost status Source of classification or shelving scheme Damaged status Not for loan Permanent Location Current Location Shelving location Date acquired Total Checkouts Full call number Barcode Date last seen Copy number Price effective from Koha item type
          CBU-MAIN LIBRARY, KITWE. CBU-MAIN LIBRARY, KITWE.   12/27/2022   TK 7881.4 Dig 38387 12/27/2022 1 12/27/2022 MONOGRAPH
          CBU-MAIN LIBRARY, KITWE. CBU-MAIN LIBRARY, KITWE.   12/27/2022   TK 7881.4 Dig 38386 12/27/2022 2 12/27/2022 MONOGRAPH